|
|
|
|
| LEADER |
01559nam a22003855i 4500 |
| 001 |
34096 |
| 003 |
BD-DhAAL |
| 005 |
20211124125923.0 |
| 008 |
190102t2014 nyu 000 1 eng |
| 999 |
|
|
|c 40137
|d 40137
|
| 010 |
|
|
|a 2013362345
|
| 020 |
|
|
|a 9780307455925 (pbk.)
|
| 020 |
|
|
|a 9780307962126 (ebook)
|
| 040 |
|
|
|a DLC
|b eng
|e rda
|c DLC
|d BD-DhAAL
|
| 042 |
|
|
|a pcc
|
| 043 |
|
|
|a f-nr---
|a n-us---
|a e-uk-en
|
| 050 |
0 |
0 |
|a PR9387.9.A34354
|b A44 2014
|
| 082 |
0 |
0 |
|a 823.92
|2 23
|
| 100 |
1 |
|
|a Adichie, Chimamanda Ngozi,
|d 1977-
|9 29279
|
| 245 |
1 |
0 |
|a Americanah /
|c Chimamanda Ngozi Adichie
|
| 250 |
|
|
|a First Anchor Books edition.
|
| 260 |
|
|
|a New York :
|b Anchor Books, a division of Random House, LLC,
|c 2014.
|
| 300 |
|
|
|a 588 pages ;
|c 21 cm.
|
| 526 |
|
|
|a ENH
|
| 541 |
|
|
|a Trim Education
|e 34096, 34097
|
| 650 |
|
0 |
|a Immigrants
|v Fiction.
|9 29280
|
| 650 |
|
0 |
|a Refugees
|v Fiction
|9 29281
|
| 650 |
|
0 |
|a Nigerians
|z United States
|v Fiction.
|9 29282
|
| 650 |
|
0 |
|a Nigerians
|z England
|v Fiction.
|9 29283
|
| 650 |
|
0 |
|a English literature.
|9 43075
|
| 651 |
|
0 |
|a Nigeria
|v Fiction.
|9 29284
|
| 852 |
|
|
|a Ayesha Abed Library
|c General Stacks
|
| 942 |
|
|
|2 ddc
|c BK
|
| 952 |
|
|
|0 0
|1 0
|2 ddc
|4 0
|6 823_920000000000000_ADI
|7 0
|9 64837
|a BRACUL
|b BRACUL
|c GEN
|d 2018-12-23
|e Trim Education
|g 2300.00
|l 2
|m 33
|o 823.92 ADI
|p 3010034097
|r 2022-03-16
|s 2019-12-23
|t 2
|v 2300.00
|w 2018-12-23
|y BK
|
| 952 |
|
|
|0 0
|1 0
|2 ddc
|4 0
|6 823_920000000000000_ADI
|7 0
|9 64838
|a BRACUL
|b BRACUL
|c GEN
|d 2018-12-23
|e Trim Education
|g 2300.00
|l 2
|m 3
|o 823.92 ADI
|p 3010034096
|r 2020-02-09
|s 2020-02-09
|t 1
|v 2300.00
|w 2018-12-23
|y BK
|